Top 20 Cities of Poland on a Map Quiz Stats

 Plays Quiz Updated Mar 7, 2017

Score 0/20 Timer 05:00
5 Plays Today
% Correct
Warsaw
98.8%
Kraków
90.1%
Gdańsk
83.3%
Łódź
74.8%
Wrocław
68%
Poznań
62.7%
Katowice
62.3%
Lublin
61.9%
Szczecin
47.5%
Gdynia
46.5%
% Correct
Białystok
43%
Toruń
42.7%
Kielce
36.5%
Radom
36.5%
Bydgoszcz
34.4%
Częstochowa
25.2%
Gliwice
23.9%
Zabrze
22.6%
Rzeszów
22.5%
Sosnowiec
18.9%

You're not logged in!

Compare scores with friends on all Sporcle quizzes.
Join for Free
OR
Log In

You Might Also Like...

Show Comments

Extras

Top Quizzes Today


Score Distribution

Your Account Isn't Verified!

In order to create a playlist on Sporcle, you need to verify the email address you used during registration. Go to your Sporcle Settings to finish the process.

Report this User

Report this user for behavior that violates our Community Guidelines.

Details: